[Event "Paris-ch op-B 86th"]
[Site "Paris"]
[Date "2011.07.03"]
[Round "2"]
[White "Chang, Xavier"]
[Black "Jacq, Philippe"]
[Result "1/2-1/2"]
[WhiteElo "1897"]
[BlackElo "1724"]
[PlyCount "98"]
[EventDate "2011.07.02"]
[EventType "swiss"]
[EventRounds "9"]
[EventCountry "FRA"]
[SourceTitle "EXT 2012"]
[Source "ChessBase"]
[SourceDate "2011.11.24"]
[SourceVersion "1"]
[SourceVersionDate "2011.11.24"]
[SourceQuality "1"]

1. Nf3 Nf6 2. d4 d5 3. e3 e6 4. Bd3 Nbd7 5. b3 c5 6. 0-0 Bd6 7. Bb2 Qc7 8. Nbd2 b6 9. c4 0-0 10. Rc1 Bb7 11. cxd5 exd5 12. Qc2 Rfe8 13. h3 h6 14. dxc5 bxc5 15. Bb5 Bc6 16. Nd4 cxd4 17. Qxc6 Qxc6 18. Bxc6 dxe3 19. fxe3 Rad8 20. Bxf6 gxf6 21. Bxd7 Rxd7 22. Rxf6 Rxe3 23. Nf1 Re2 24. Rf2 Rde7 25. Rc6 R2e6 26. Rc8+ Kg7 27. Rd2 Rf6 28. Rf2 Rfe6 29. Rd2 Rf6 30. Rcc2 Bc7 31. Rd1 d4 32. Nh2 Bb6 33. Kh1 d3 34. Rcd2 Re2 35. Rxd3 Rxa2 36. Nf3 Re6 37. Nd4 Bxd4 38. Rxd4 Rg6 39. R1d2 Rxd2 40. Rxd2 a5 41. Kg1 Ra6 42. Kf2 Rb6 43. Rd3 Rb4 44. Ke3 a4 45. bxa4 Rxa4 46. g4 Ra5 47. Kf4 Ra1 48. Rd6 Rf1+ 49. Kg3 Ra1 1/2-1/2

[Event "Paris-ch op-B"]
[Site "Paris"]
[Date "2010.07.07"]
[Round "4"]
[White "Ernouf, Anthony"]
[Black "Jacq, Philippe"]
[Result "1/2-1/2"]
[WhiteElo "1878"]
[BlackElo "1749"]
[PlyCount "70"]
[EventDate "2010.07.03"]
[EventType "swiss"]
[EventRounds "9"]
[EventCountry "FRA"]
[SourceTitle "CBM 137 Extra"]
[Source "ChessBase"]
[SourceDate "2010.09.01"]
[SourceVersion "1"]
[SourceVersionDate "2010.09.01"]
[SourceQuality "1"]

1. d4 Nf6 2. e3 e6 3. Bd3 c5 4. c3 Nc6 5. f4 d5 6. Nf3 Bd6 7. 0-0 0-0 8. Ne5 Ne4 9. Nxc6 bxc6 10. Bxe4 dxe4 11. dxc5 Bxc5 12. Qa4 Qb6 13. Qxe4 Ba6 14. Re1 Rad8 15. b4 Be7 16. a4 Bf6 17. Bb2 Bb7 18. Qc2 c5 19. b5 Qd6 20. Na3 Qd2 21. Rad1 Qxc2 22. Nxc2 Be4 23. Na3 Rd3 24. Rxd3 Bxd3 25. Rd1 c4 26. Rd2 g5 27. Nc2 gxf4 28. exf4 e5 29. fxe5 Bg5 30. Rf2 Re8 31. g3 Rxe5 32. h4 Bd8 33. Nd4 Re1+ 34. Kg2 Be4+ 35. Kh3 h5 1/2-1/2

[Event "Paris Apsap op 102nd"]
[Site "Paris"]
[Date "2008.07.26"]
[Round "1"]
[White "Jacq, Philippe"]
[Black "Kirszenberg, Marc"]
[Result "0-1"]
[WhiteElo "1806"]
[BlackElo "2225"]
[PlyCount "111"]
[EventDate "2008.07.26"]
[EventType "swiss"]
[EventRounds "9"]
[EventCountry "FRA"]
[SourceTitle "EXT 2010"]
[Source "ChessBase"]
[SourceDate "2010.11.25"]
[SourceVersion "1"]
[SourceVersionDate "2010.11.25"]
[SourceQuality "1"]

1. e4 d5 2. exd5 Nf6 3. Nf3 Nxd5 4. d4 g6 5. c4 Nb6 6. Nc3 Bg7 7. Be2 0-0 8. 0-0 Nc6 9. d5 Ne5 10. Nxe5 Bxe5 11. Bh6 Re8 12. f4 Bh8 13. c5 Bxc3 14. cxb6 Bxb2 15. Rb1 Bf6 16. Bb5 Bd7 17. bxc7 Qxc7 18. Bxd7 Qxd7 19. f5 Red8 20. fxg6 hxg6 21. Rxf6 exf6 22. Qd4 Qxd5 23. Qxf6 Qd4+ 24. Qxd4 Rxd4 25. Rxb7 Ra4 26. Rb2 Rd8 27. h3 Rd1+ 28. Kh2 Ra1 29. Rb8+ Kh7 30. Bg5 R1xa2 31. Bf6 g5 32. Bxg5 Rc4 33. h4 Rcc2 34. Kg3 Rxg2+ 35. Kf4 Raf2+ 36. Ke5 Kg7 37. Kd5 Rf5+ 38. Ke4 Rfxg5 39. hxg5 Rxg5 40. Kf4 Rc5 41. Rb1 Kf6 42. Ke4 a5 43. Kd4 Rc6 44. Rh1 Kg7 45. Kd5 Ra6 46. Kc5 Rg6 47. Kb5 Rg5+ 48. Ka4 f6 49. Rc1 Kg6 50. Rc6 Re5 51. Ra6 Kg5 52. Kb3 f5 53. Kc3 Kf4 54. Kd3 Kf3 55. Kd2 f4 56. Rh6 0-1